00618cam a2200205 a 4500001000800000005001700008008004100025020002800066020003500094040001800129082001900147100002200166245007300188260004200261300001600303650002000319650001500339650001900354650003900373356223820240214062443.0980928s1999 mau bi 001 0 eng  a0745622666 (alk. paper) a0745622674 (pbk. : alk. paper) aDLCcDLCdDLC00a320.221bANT.1 aGiddens, Anthony.14aThe third way :bthe renewal of social democracy /cAnthony Giddens. aMalden, Mass. :bPolity Press,c1998. ax, 166 p. ; 0aPost-communism. 0aSocialism. 0aWelfare state. 0aRight and left (Political science)